00870 a2200145 4500003000500000005001700005040000900022082001200031100001600043245007000059260004100129300001000170505052400180650002000704Nust20230330114104.0 cNust a900,CAR aCarter, E.H aGeneral History :bin outline and story /cE.H.Carter & C.K Ogden aNew YorkbOrthologic Institutec1938 a288:p aThe First Stage (Page-11), The Early Developments in the East (Page-23), The Great Days of Greece (Page-52), The Great Days of Rome (Page-72), The Middle Ages (Page-101), The New Birth of Europe (Page-142), New Forces in Religion and The Growth of a New outlook (Page-158), The Expansion of Europe Overseas (Page-176), The Great Kings of Europe (Page-193), The American Revolution (Page-205), The French Revolution and Napoleon (Page-212), The Birth of New Nations (Page-225), The World of the present Day (Page-258).  aGeneral History